KOMBINACE ZATÍŽENÍ PROMĚNNÝCH V ČASE

Podrobná bibliografia
Hlavný autor: ALEKSEJ RUFOVIČ RŽANICYN (Autor)
Médium: Článok
Jazyk:čeština

MARC

LEADER 00000nab a2200000uu 4500
001 vtls010895940
003 SK-MaSNL
005 20260303141725.0
008 230222|1977 xo |||||||||||||||||cze|
015 |a SNBRB 
035 |a (urnnbn)urn:nbn:sk:snk:ar-006jxw 
035 |a (uuid)75bd6465-f2c2-4aae-b98b-619254ecb52b 
035 |a urn:nbn:sk:snk-ab8opp 
040 |a SNKBUCL  |b slo  |c SNKBUCL  |e AACR2 
041 0 |a cze 
044 |a xo  |c SK 
100 1 |a ALEKSEJ RUFOVIČ RŽANICYN  |4 aut  |9 1161542 
245 1 0 |a KOMBINACE ZATÍŽENÍ PROMĚNNÝCH V ČASE  |c Aleksej Rufovič Ržanicyn 
773 0 |t Stavebnícky časopis : mesačník pre teoretické problémy stavebných látok a konštrukcií  |g Roč. 25, č. 1 (1977), s. 3-24 
958 |a OND 
958 |a EUIPO 
958 |a article10 
999 |c 1978192  |d 1980122